Smart panel metering system (Record no. 13645)
[ view plain ]
| 000 -LEADER | |
|---|---|
| fixed length control field | 00483nam a22001577a 4500 |
| 082 ## - DEWEY DECIMAL CLASSIFICATION NUMBER | |
| Classification number | BEE-4 AQE |
| 100 ## - MAIN ENTRY--PERSONAL NAME | |
| Personal name | Muhammad Aqeel |
| 9 (RLIN) | 92434 |
| 245 ## - TITLE STATEMENT | |
| Title | Smart panel metering system |
| 260 ## - PUBLICATION, DISTRIBUTION, ETC. | |
| Place of publication, distribution, etc. | Islamabad |
| Name of publisher, distributor, etc. | NUST-SEECS |
| Date of publication, distribution, etc. | 2016 |
| 300 ## - PHYSICAL DESCRIPTION | |
| Extent | 45p. |
| Other physical details | 27cm. |
| Accompanying material | CD Includes |
| 500 ## - GENERAL NOTE | |
| General note | Supervisors: Tassawar Kazmi, Dr. Syed Ali Hasan |
| 700 ## - ADDED ENTRY--PERSONAL NAME | |
| Personal name | M. Aamir Abbas |
| 9 (RLIN) | 92435 |
| 700 ## - ADDED ENTRY--PERSONAL NAME | |
| Personal name | Ali Waqar Durrani |
| 9 (RLIN) | 92436 |
| 856 ## - ELECTRONIC LOCATION AND ACCESS | |
| Uniform Resource Identifier | <a href="http://10.250.8.41:8080/xmlui/handle/123456789/6713">http://10.250.8.41:8080/xmlui/handle/123456789/6713</a> |
| 942 ## - ADDED ENTRY ELEMENTS (KOHA) | |
| Koha item type | Project Report |
| Source of classification or shelving scheme | |
| Withdrawn status | Lost status | Damaged status | Not for loan | Collection code | Permanent Location | Current Location | Shelving location | Date acquired | Source of acquisition | Total Checkouts | Full call number | Barcode | Date last seen | Date last checked out | Price effective from | Koha item type |
|---|---|---|---|---|---|---|---|---|---|---|---|---|---|---|---|---|
| WITHDRAWN | Central Library (CL) | Central Library (CL) | General Stacks | 07/25/2016 | NUST-SEECS | 1 | BEE-4 AQE | SEECSP01888 | 09/01/2016 | 09/01/2016 | 07/25/2016 | Project Report |
